=LDR 00000nam 2200000 4500 =001 INLIS000000000021461 =005 20130612120324 =008 ***********************************Ind** =035 ##$$0010-061300000021461 =041 ##$$a Ind =082 ##$$a 813 =090 ##$$a 813, Mas m =100 ##$$a Massardi, Yudhistira ANM =245 ##$$a Mencoba tidak menyerah, Yudhistira ANM Massardi =260 ##$$a 1996 $b Yogyakarta =300 ##$$a 160 hlm, 21 cm =850 ##$$a NBPNMAT =990 ##$$a 0001/BPAP-NTB/20142015 =990 ##$$a 0001/BPAP-NTB/20142015 =990 ##$$a 0001/BPAP-NTB/20142015